000 00728nas a2200241 4500
001 BR7000067
003 BR-BrBNA
005 20231205082305.0
007 ta
008 230509b bl.|||p| |||| 00| 00por d
040 _aBR-BrBNA
_bpor
_cBiblioteca Nacional de Agricultura
041 _a(Pt)
072 _aQ10
100 1 _aFarah, T.C.
245 1 _aEstudo sobre melacos brasileiros: Producao de levedura alimento [analise quimica, acucar redutor]
650 _aMELACO
650 _aANALISE QUIMICA
650 _aACUCAR REDUTOR
650 _aLEVEDO
773 0 _tBrasil Acucareiro (Brazil)
_xISSN 0006-9167
_g(Jul 1970), v. 76(1) p. 90-105
_wBR7000067
909 _a202311
_bLúcia
_c55
_dLúcia Elande
942 _2AGRIS
_n0
_cANA
999 _c90631
_d90631